Az «Atteindre des emplois égaux, des salaires identiques» c. francia szöveg és «A közösségi gazdaság és pénzügyi szabályozása» c. magyar szöveg fordítása és elemzése

Bibliographic Details
Main Author: Erdei Péter
Other Authors: Szabó Zsuzsanna
Format: Thesis
Kulcsszavak:Szakfordítás
Fordítás
Francia nyelv
Online Access:http://dolgozattar.uni-bge.hu/16423

MARC

LEADER 00000nta a2200000 i 4500
001 dolg16423
005 20200504044110.0
008 180514suuuu hu om 000 hun d
040 |a BGE Dolgozattár Repozitórium  |b hun 
041 |a hu 
100 1 |a Erdei Péter 
245 1 3 |a Az «Atteindre des emplois égaux, des salaires identiques» c. francia szöveg és «A közösségi gazdaság és pénzügyi szabályozása» c. magyar szöveg fordítása és elemzése  |c Erdei Péter  |h [elektronikus dokumentum] 
246 1 1 |a Az «Atteindre des emplois égaux, des salaires identiques» c. francia szöveg és «A közösségi gazdaság és pénzügyi szabályozása» c. magyar szöveg fordítása és elemzése 
695 |a Szakfordítás 
695 |a Fordítás 
695 |a Francia nyelv 
700 1 |a Szabó Zsuzsanna  |e ths 
856 4 0 |u http://dolgozattar.uni-bge.hu/16423/1/Erdei%20P%C3%A9ter_Szakdolgozat_NG_francia_Gazdas%C3%A1gi_%C3%A9s_%C3%BCzleti_szakford%C3%ADt%C3%B3_tolm%C3%A1cs_szak.pdf  |z Dokumentum-elérés